[Event "Helsingor Xtracon op"]
[Site "Helsingor"]
[Date "2019.07.27"]
[Round "9"]
[White "Vedant, Kumar Saravana"]
[Black "Andersen, Kim Nyvang"]
[Result "1/2-1/2"]
[WhiteElo "1861"]
[BlackElo "2008"]
[PlyCount "104"]
[EventDate "2019.07.20"]
[EventType "swiss"]
[EventRounds "10"]
[EventCountry "DEN"]
[SourceTitle "CBM 191 Extra"]
[Source "ChessBase"]
[SourceDate "2019.09.30"]
[SourceVersion "1"]
[SourceVersionDate "2019.09.30"]
[SourceQuality "1"]

1. e4 c5 2. Nf3 Nc6 3. Bb5 e6 4. Bxc6 bxc6 5. d3 f6 6. e5 fxe5 7. Nxe5 Nf6 8. Bg5 Bd6 9. Nc4 Be7 10. Bxf6 gxf6 11. Qh5+ Kf8 12. Qh6+ Kg8 13. h4 Bf8 14. Qh5 d5 15. Ne3 Bg7 16. Rh3 Bd7 17. Rg3 Qe7 18. Qf3 h5 19. Qe2 Kf7 20. Nf5 Qd8 21. Nxg7 Qf8 22. Qf3 Rh7 23. Nxh5 Qh6 24. Nf4 e5 25. Ne2 Qxh4 26. Nd2 Qb4 27. 0-0-0 Rah8 28. Nb3 a5 29. a3 Qb6 30. Nc3 Qa7 31. a4 Rh4 32. Nxd5 cxd5 33. Qxd5+ Be6 34. Qxc5 Qd7 35. Qxa5 Rxa4 36. Qb6 Qe7 37. Nc5 Ra1+ 38. Kd2 Rxd1+ 39. Kxd1 Rh1+ 40. Kd2 Bd5 41. Qb5 Rf1 42. f3 Rf2+ 43. Kc3 f5 44. Qd7 Qxd7 45. Nxd7 e4 46. fxe4 fxe4 47. dxe4 Bxe4 48. Ne5+ Ke6 49. Nd3 Rf5 50. Re3 Kd5 51. Nb4+ Ke5 52. Nc6+ Kf4 1/2-1/2

[Event "Helsingor Xtracon op"]
[Site "Helsingor"]
[Date "2019.07.26"]
[Round "8"]
[White "Andersen, Kim Nyvang"]
[Black "Solberg, Joachim Krokvik"]
[Result "0-1"]
[WhiteElo "2008"]
[BlackElo "2181"]
[PlyCount "72"]
[EventDate "2019.07.20"]
[EventType "swiss"]
[EventRounds "10"]
[EventCountry "DEN"]
[SourceTitle "CBM 191 Extra"]
[Source "ChessBase"]
[SourceDate "2019.09.30"]
[SourceVersion "1"]
[SourceVersionDate "2019.09.30"]
[SourceQuality "1"]

1. d4 Nf6 2. c4 e6 3. Nc3 Bb4 4. e3 0-0 5. Nge2 d5 6. a3 Be7 7. cxd5 exd5 8. Nf4 c6 9. Be2 a5 10. 0-0 Re8 11. Qc2 Nbd7 12. b3 Nf8 13. Bd2 Ng6 14. Nxg6 hxg6 15. Bd3 Bd6 16. f4 Ng4 17. Rf3 f5 18. h3 Nf6 19. Na4 Ne4 20. Bc1 Rb8 21. Rb1 g5 22. fxg5 Qxg5 23. b4 axb4 24. axb4 Qh4 25. Bxe4 fxe4 26. Qf2 Qg5 27. Rf4 Bxf4 28. exf4 Qg6 29. Be3 Bxh3 30. b5 Ra8 31. Nc5 Ra3 32. Re1 cxb5 33. Kh2 Bf5 34. Nxb7 Rea8 35. Rg1 Qh5+ 36. Kg3 R8a6 0-1

[Event "Helsingor Xtracon op"]
[Site "Helsingor"]
[Date "2019.07.21"]
[Round "2"]
[White "Buchenau, Frank"]
[Black "Andersen, Kim Nyvang"]
[Result "1-0"]
[WhiteElo "2294"]
[BlackElo "2008"]
[PlyCount "45"]
[EventDate "2019.07.20"]
[EventType "swiss"]
[EventRounds "10"]
[EventCountry "DEN"]
[SourceTitle "CBM 191 Extra"]
[Source "ChessBase"]
[SourceDate "2019.09.30"]
[SourceVersion "1"]
[SourceVersionDate "2019.09.30"]
[SourceQuality "1"]

1. e4 c5 2. Nf3 Nc6 3. Bb5 e6 4. Bxc6 bxc6 5. d3 d6 6. e5 d5 7. c4 f6 8. Nc3 Ne7 9. Nh4 f5 10. Bg5 Qc7 11. Qe2 Ba6 12. 0-0-0 0-0-0 13. Na4 Qa5 14. b3 dxc4 15. dxc4 Rd4 16. Rxd4 cxd4 17. Bd2 Qd8 18. Nc5 Ng8 19. Nxa6 Ba3+ 20. Kc2 Qxh4 21. b4 Nh6 22. Qf3 d3+ 23. Kb3 1-0

[Event "Copenhagen Challenge"]
[Site "Ballerup"]
[Date "2019.05.18"]
[Round "7"]
[White "Steenstrup, Svend"]
[Black "Andersen, Kim Nyvang"]
[Result "0-1"]
[WhiteElo "1936"]
[BlackElo "2004"]
[PlyCount "53"]
[EventDate "2019.05.15"]
[EventType "swiss"]
[EventRounds "9"]
[EventCountry "DEN"]
[SourceTitle "CBM 190 Extra"]
[Source "ChessBase"]
[SourceDate "2019.07.15"]
[SourceVersion "1"]
[SourceVersionDate "2019.07.15"]
[SourceQuality "1"]

1. d4 Nf6 2. c4 g6 3. Nc3 Bg7 4. e4 d6 5. h3 0-0 6. Nf3 Nbd7 7. e5 Ne8 8. e6 fxe6 9. Ng5 Ndf6 10. Qe2 Qd7 11. d5 exd5 12. cxd5 Qf5 13. g4 Qe5 14. Qxe5 dxe5 15. Bc4 Nd6 16. Bb3 h6 17. Nf3 Nxg4 18. Nh4 Nxf2 19. Rh2 Nd3+ 20. Ke2 Nxc1+ 21. Rxc1 Bf5 22. Rg1 g5 23. Nxf5 Rxf5 24. h4 Bf6 25. hxg5 Rxg5 26. Rgh1 Bg7 27. Bd1 0-1

[Event "Copenhagen Challenge"]
[Site "Ballerup"]
[Date "2019.05.16"]
[Round "3"]
[White "Heimisson, Hilmir Freyr"]
[Black "Andersen, Kim Nyvang"]
[Result "1-0"]
[WhiteElo "2311"]
[BlackElo "2004"]
[PlyCount "77"]
[EventDate "2019.05.15"]
[EventType "swiss"]
[EventRounds "9"]
[EventCountry "DEN"]
[SourceTitle "CBM 190 Extra"]
[Source "ChessBase"]
[SourceDate "2019.07.15"]
[SourceVersion "1"]
[SourceVersionDate "2019.07.15"]
[SourceQuality "1"]

1. Nf3 Nf6 2. b3 g6 3. Bb2 Bg7 4. d4 d6 5. Nbd2 Nbd7 6. e3 c6 7. c4 a5 8. a3 c5 9. Be2 0-0 10. 0-0 b6 11. Ra2 Bb7 12. d5 e5 13. dxe6 fxe6 14. Qa1 Qe7 15. Rd1 d5 16. Ne5 Nxe5 17. Bxe5 Nd7 18. Bxg7 Qxg7 19. Qxg7+ Kxg7 20. Bg4 Rfe8 21. cxd5 Bxd5 22. e4 Bc6 23. Nc4 h5 24. Rd6 hxg4 25. Rxc6 b5 26. Ne3 a4 27. bxa4 Rxa4 28. Rd2 Re7 29. Rc7 Rd4 30. Rxd4 cxd4 31. Nxg4 d3 32. Kf1 Rf7 33. Rc3 Nb6 34. Rxd3 Nc4 35. Ne3 Ne5 36. Rb3 Rb7 37. Rc3 b4 38. Rb3 Nc6 39. Nc2 1-0

[Event "Copenhagen Challenge"]
[Site "Ballerup"]
[Date "2018.04.27"]
[Round "4"]
[White "Andersen, Kim Nyvang"]
[Black "Hoi, Carsten"]
[Result "0-1"]
[WhiteElo "1962"]
[BlackElo "2374"]
[PlyCount "70"]
[EventDate "2018.04.25"]
[EventType "swiss"]
[EventRounds "9"]
[EventCountry "DEN"]
[SourceTitle "CBM 184 Extra"]
[Source "ChessBase"]
[SourceDate "2018.06.28"]
[SourceVersion "1"]
[SourceVersionDate "2018.06.28"]
[SourceQuality "1"]

1. d4 d5 2. c4 dxc4 3. e3 e5 4. Bxc4 Nc6 5. Ne2 Bd6 6. Nbc3 Nf6 7. d5 Ne7 8. e4 a6 9. a4 Ng6 10. Qd3 0-0 11. Rb1 Qe7 12. Bg5 h6 13. Bd2 Nf4 14. Nxf4 exf4 15. f3 Nd7 16. Qe2 Ne5 17. Bb3 Qh4+ 18. Kf1 Bd7 19. Be1 Qh5 20. Bd1 Rae8 21. b4 f5 22. b5 axb5 23. axb5 b6 24. Bf2 g5 25. exf5 Bxf5 26. Ne4 g4 27. Rb3 Kh7 28. Bc2 gxf3 29. gxf3 Ra8 30. Nxd6 cxd6 31. Bxf5+ Qxf5 32. Qe4 Qxe4 33. fxe4 Ra1+ 34. Be1 Rc8 35. Rg1 Rcc1 0-1

[Event "Copenhagen Challenge"]
[Site "Ballerup"]
[Date "2017.05.11"]
[Round "3"]
[White "Andersen, Kim Nyvang"]
[Black "Bjerre, Jonas Buhl"]
[Result "0-1"]
[WhiteElo "2011"]
[BlackElo "2338"]
[PlyCount "86"]
[EventDate "2017.05.10"]
[EventType "swiss"]
[EventRounds "9"]
[EventCountry "DEN"]
[SourceTitle "CBM 178 Extra"]
[Source "ChessBase"]
[SourceDate "2017.06.22"]
[SourceVersion "1"]
[SourceVersionDate "2017.06.22"]
[SourceQuality "1"]

1. d4 Nf6 2. c4 e6 3. Nc3 Bb4 4. e3 0-0 5. Nge2 Re8 6. a3 Bf8 7. g3 d5 8. cxd5 exd5 9. Bg2 c6 10. b4 a5 11. b5 Nbd7 12. 0-0 Nb6 13. Qc2 cxb5 14. Nxb5 Bd7 15. Nec3 a4 16. f3 Ra5 17. Qd3 Nc4 18. Rb1 Qb6 19. Nxa4 Rxa4 20. Nc3 Qc7 21. Nxa4 Bxa4 22. e4 dxe4 23. fxe4 Na5 24. Bf4 Qd7 25. Rfc1 Nc6 26. d5 Ne5 27. Qd4 Bd6 28. Rc3 b5 29. Rbc1 Bb8 30. Kh1 Nfg4 31. h3 Ba7 32. Rc5 Nd3 33. hxg4 Nxc1 34. Bxc1 Qd6 35. Be3 Bxc5 36. Qxc5 Qxc5 37. Bxc5 Bc2 38. e5 Rxe5 39. d6 Be4 40. Bxe4 Rxe4 41. Kg2 Re5 42. Bb4 f6 43. Kf3 Kf7 0-1

[Event "Copenhagen Challenge"]
[Site "Ballerup"]
[Date "2017.05.10"]
[Round "1"]
[White "Andersen, Kim Nyvang"]
[Black "Pfreundt, Jakob"]
[Result "0-1"]
[WhiteElo "2011"]
[BlackElo "2388"]
[PlyCount "162"]
[EventDate "2017.05.10"]
[EventType "swiss"]
[EventRounds "9"]
[EventCountry "DEN"]
[SourceTitle "CBM 178 Extra"]
[Source "ChessBase"]
[SourceDate "2017.06.22"]
[SourceVersion "1"]
[SourceVersionDate "2017.06.22"]
[SourceQuality "1"]

1. d4 d5 2. c4 e6 3. Nc3 Nf6 4. cxd5 Nxd5 5. Nf3 c5 6. e4 Nxc3 7. bxc3 cxd4 8. cxd4 Bb4+ 9. Bd2 Bxd2+ 10. Qxd2 0-0 11. Bd3 Nc6 12. e5 Qa5 13. Be4 Bd7 14. Rc1 Rac8 15. Bxc6 Qxd2+ 16. Kxd2 Bxc6 17. Rc3 Bxf3 18. Rxf3 Rc4 19. Rd3 Rfc8 20. Rb1 Rc2+ 21. Ke3 b6 22. Rd2 R8c3+ 23. Ke2 Rc4 24. Rbd1 Kf8 25. Kd3 R2c3+ 26. Ke4 Ke7 27. Rd3 Rc2 28. R1d2 Rxd2 29. Rxd2 Kd7 30. f4 b5 31. f5 a5 32. fxe6+ Kxe6 33. g4 b4 34. g5 a4 35. Rb2 b3 36. axb3 Rb4 37. h4 axb3 38. h5 h6 39. gxh6 gxh6 40. Kd3 Kd5 41. Kc3 Rb8 42. Kd3 Rg8 43. Rf2 Rb8 44. Rb2 Rb4 45. Kc3 Rxd4 46. Rxb3 Kxe5 47. Rb7 Rf4 48. Kd3 Kf6 49. Ke3 Kg5 50. Rb8 Rf6 51. Rb1 Kxh5 52. Rh1+ Kg4 53. Rg1+ Kf5 54. Rh1 Kg6 55. Rg1+ Kh7 56. Rh1 Rf5 57. Ke4 Rg5 58. Kf4 Kg6 59. Ra1 h5 60. Ra8 Rg4+ 61. Kf3 Rb4 62. Rg8+ Kf5 63. Rh8 Rb3+ 64. Kg2 Kg6 65. Rg8+ Kh7 66. Rg5 Kh6 67. Rg8 f6 68. Rh8+ Kg5 69. Rg8+ Kf4 70. Rh8 Rb2+ 71. Kh3 Re2 72. Rxh5 f5 73. Rh8 Kf3 74. Rf8 f4 75. Kh4 Re1 76. Rf7 Rh1+ 77. Kg5 Rg1+ 78. Kh4 Rg8 79. Rf6 Rh8+ 80. Kg5 Kg3 81. Rf7 f3 0-1

[Event "Copenhagen Challenge"]
[Site "Ballerup"]
[Date "2016.04.23"]
[Round "7"]
[White "Andersen, Kim Nyvang"]
[Black "Laustsen, Lars"]
[Result "1/2-1/2"]
[WhiteElo "1996"]
[BlackElo "2128"]
[PlyCount "107"]
[EventDate "2016.04.20"]
[EventType "swiss"]
[EventRounds "9"]
[EventCountry "DEN"]
[SourceTitle "CBM 172 Extra"]
[Source "ChessBase"]
[SourceDate "2016.06.21"]
[SourceVersion "1"]
[SourceVersionDate "2016.06.21"]
[SourceQuality "1"]

1. d4 d5 2. c4 c6 3. Nf3 Nf6 4. Nc3 dxc4 5. a4 Bf5 6. e3 e6 7. Bxc4 Bb4 8. 0-0 Nbd7 9. Qe2 0-0 10. e4 Bg6 11. Bd3 Bh5 12. e5 Nd5 13. Nxd5 cxd5 14. Qe3 Re8 15. Ng5 Bg6 16. Bxg6 fxg6 17. Qh3 Nf8 18. Qg4 a5 19. h4 Rc8 20. h5 gxh5 21. Qxh5 Re7 22. f4 Rec7 23. Qh3 Qd7 24. f5 exf5 25. e6 Qe7 26. Qxf5 h6 27. Qxd5 hxg5 28. Bxg5 Qd6 29. Qxd6 Bxd6 30. Rae1 Re8 31. d5 Ng6 32. Rf3 Ne7 33. Rd1 Rf8 34. Rc3 Nf5 35. g4 Rxc3 36. bxc3 Bc5+ 37. Kg2 Nd6 38. Re1 Rf2+ 39. Kg3 Rc2 40. Rf1 Rxc3+ 41. Kh4 Ne8 42. e7 Nc7 43. Rf8+ Kh7 44. Rf5 Rd3 45. Rf8 Kg6 46. Rf5 Ne8 47. Rf8 Nc7 48. Rf5 Bxe7 49. Bxe7 Nxd5 50. Bf8 Rd4 51. Rg5+ Kf7 52. Bxg7 Rxa4 53. Rxd5 Kxg7 54. Rb5 1/2-1/2

[Event "Copenhagen Challenge"]
[Site "Ballerup"]
[Date "2016.04.22"]
[Round "4"]
[White "Andersen, Kim Nyvang"]
[Black "Tsiolakidis, Anastasios"]
[Result "0-1"]
[WhiteElo "1996"]
[BlackElo "2288"]
[PlyCount "106"]
[EventDate "2016.04.20"]
[EventType "swiss"]
[EventRounds "9"]
[EventCountry "DEN"]
[SourceTitle "CBM 172 Extra"]
[Source "ChessBase"]
[SourceDate "2016.06.21"]
[SourceVersion "1"]
[SourceVersionDate "2016.06.21"]
[SourceQuality "1"]

1. d4 Nf6 2. c4 c5 3. d5 b5 4. cxb5 a6 5. f3 e6 6. e4 exd5 7. e5 Qe7 8. Qe2 Ng8 9. Nc3 Bb7 10. Nh3 f6 11. Nf4 Qxe5 12. Nfxd5 Bd6 13. Bf4 Qxe2+ 14. Bxe2 Bxf4 15. Nxf4 Ne7 16. Bc4 Nf5 17. 0-0-0 axb5 18. Nxb5 Ra4 19. Rhe1+ Kd8 20. b3 Rxa2 21. Kb1 Ra6 22. Ne6+ Kc8 23. Nxc5 Rb6 24. Nxb7 Kxb7 25. g4 Nh4 26. Nd6+ Kc6 27. Nf7 Rf8 28. Re3 Kc7 29. Red3 Ng6 30. Nd6 Ne5 31. Nb5+ Rxb5 32. Bxb5 Nxd3 33. Bxd3 h6 34. Be4 Nc6 35. Bxc6 Kxc6 36. Kc2 f5 37. Kc3 d5 38. b4 fxg4 39. fxg4 Rf3+ 40. Rd3 Rf4 41. Rd4 Rf1 42. h3 Rc1+ 43. Kd3 Rh1 44. Ke3 g5 45. Rd2 Rxh3+ 46. Kd4 Rg3 47. Rc2+ Kd6 48. b5 Rxg4+ 49. Kd3 h5 50. Rc6+ Ke5 51. b6 Rb4 52. Rg6 Kf4 53. Rf6+ Kg4 0-1

[Event "Copenhagen Obro New Year op"]
[Site "Copenhagen"]
[Date "2015.12.27"]
[Round "1"]
[White "Andersen, Kim Nyvang"]
[Black "Thybo, Jesper Sondergaard"]
[Result "0-1"]
[WhiteElo "1986"]
[BlackElo "2289"]
[PlyCount "96"]
[EventDate "2015.12.27"]
[EventType "swiss"]
[EventRounds "7"]
[EventCountry "DEN"]
[SourceTitle "EXT 2018"]
[Source "ChessBase"]
[SourceDate "2017.10.13"]
[SourceVersion "1"]
[SourceVersionDate "2017.10.13"]
[SourceQuality "1"]

1. d4 Nf6 2. c4 c5 3. d5 b5 4. cxb5 a6 5. f3 g6 6. e4 d6 7. Na3 Bg7 8. Ne2 0-0 9. Nc3 e6 10. Bc4 exd5 11. Nxd5 Nbd7 12. Nxf6+ Qxf6 13. 0-0 Nb6 14. Be2 Rd8 15. Nc4 d5 16. e5 Qe6 17. f4 Nxc4 18. Bxc4 Qd7 19. Qf3 axb5 20. Bb3 Bb7 21. Bd2 c4 22. Bd1 d4 23. Qg3 Qe7 24. a3 f6 25. Bb4 Qf7 26. exf6 Qxf6 27. Bf3 Bxf3 28. Qxf3 Rac8 29. Rae1 Qc6 30. Qg4 Re8 31. f5 Rxe1 32. Rxe1 Qd7 33. Re7 Qxf5 34. Rxg7+ Kxg7 35. Qxd4+ Kg8 36. g4 Qb1+ 37. Kg2 Qc2+ 38. Kg1 Qd3 39. Qe5 Qd1+ 40. Kf2 Qxg4 41. Qd5+ Kg7 42. Bc3+ Kh6 43. Bd2+ g5 44. Qd6+ Kh5 45. Qf6 Qh4+ 46. Kg1 Rc7 47. Qe5 Qg4+ 48. Kh1 Rf7 0-1

[Event "Copenhagen Challenge"]
[Site "Ballerup"]
[Date "2015.05.03"]
[Round "9"]
[White "Andersen, Kim Nyvang"]
[Black "Andersen, Soren Mikkel"]
[Result "0-1"]
[WhiteElo "2054"]
[BlackElo "2123"]
[PlyCount "82"]
[EventDate "2015.04.29"]
[EventType "swiss"]
[EventRounds "9"]
[EventCountry "DEN"]
[SourceTitle "CBM 166 Extra"]
[Source "ChessBase"]
[SourceDate "2015.06.18"]
[SourceVersion "1"]
[SourceVersionDate "2015.06.18"]
[SourceQuality "1"]

1. d4 d5 2. c4 c6 3. Nf3 Nf6 4. Nc3 e6 5. Bg5 dxc4 6. e4 b5 7. e5 h6 8. Bh4 g5 9. Nxg5 hxg5 10. Bxg5 Nbd7 11. exf6 Bb7 12. g3 c5 13. d5 Qb6 14. Bg2 0-0-0 15. 0-0 b4 16. Na4 Qb5 17. a3 exd5 18. axb4 d4 19. Nxc5 Nxc5 20. bxc5 Bxc5 21. Qg4+ Rd7 22. Rfe1 d3 23. Bxb7+ Kxb7 24. Qf3+ Kb6 25. Bd2 Rc8 26. Ba5+ Qxa5 27. Rxa5 Kxa5 28. Ra1+ Kb6 29. h4 d2 30. h5 Re8 31. Kg2 Rd3 32. Qg4 Re1 33. Rd1 Rxd1 34. Qxd1 Bd4 35. f4 Kc5 36. g4 Bxf6 37. g5 Bxb2 38. g6 fxg6 39. hxg6 Bd4 40. f5 c3 41. f6 Bxf6 0-1

[Event "Copenhagen Challenge"]
[Site "Ballerup"]
[Date "2015.05.03"]
[Round "8"]
[White "Lundin, Jan"]
[Black "Andersen, Kim Nyvang"]
[Result "1-0"]
[WhiteElo "2221"]
[BlackElo "2054"]
[PlyCount "61"]
[EventDate "2015.04.29"]
[EventType "swiss"]
[EventRounds "9"]
[EventCountry "DEN"]
[SourceTitle "CBM 166 Extra"]
[Source "ChessBase"]
[SourceDate "2015.06.18"]
[SourceVersion "1"]
[SourceVersionDate "2015.06.18"]
[SourceQuality "1"]

1. e4 c5 2. c3 Nf6 3. e5 Nd5 4. d4 cxd4 5. Qxd4 e6 6. Nf3 Nc6 7. Qe4 d6 8. Nbd2 Qc7 9. exd6 Bxd6 10. Nc4 Be7 11. Bd3 f5 12. Qe2 Nf4 13. Bxf4 Qxf4 14. 0-0 0-0 15. Rad1 Qc7 16. Bc2 b5 17. Ne3 g6 18. Bb3 Rb8 19. Nc2 Nd8 20. Ncd4 Qb6 21. Rfe1 Kf7 22. Nxe6 Bxe6 23. Nd4 Bxb3 24. Qxe7+ Kg8 25. axb3 Rb7 26. Qh4 a5 27. h3 Rc7 28. Nxf5 Rxf5 29. Re8+ Rf8 30. Rxf8+ Kxf8 31. Qxd8+ 1-0

[Event "Copenhagen Challenge"]
[Site "Ballerup"]
[Date "2015.05.02"]
[Round "6"]
[White "Akdag, Dara Sevkan"]
[Black "Andersen, Kim Nyvang"]
[Result "0-1"]
[WhiteElo "2177"]
[BlackElo "2054"]
[PlyCount "70"]
[EventDate "2015.04.29"]
[EventType "swiss"]
[EventRounds "9"]
[EventCountry "DEN"]
[SourceTitle "CBM 166 Extra"]
[Source "ChessBase"]
[SourceDate "2015.06.18"]
[SourceVersion "1"]
[SourceVersionDate "2015.06.18"]
[SourceQuality "1"]

1. d4 Nf6 2. c4 e6 3. Nf3 b6 4. g3 Bb7 5. Bg2 g6 6. Nc3 Ne4 7. d5 Nxc3 8. Qd4 f6 9. Qxc3 exd5 10. Nd4 c5 11. Qe3+ Kf7 12. Nf3 d4 13. Qf4 Nc6 14. Ne5+ Ke8 15. Ng4 Bg7 16. Bd5 h5 17. Qe4+ Qe7 18. Qxg6+ Kd8 19. Nh6 Ne5 20. Nf7+ Kc7 21. Nxe5 Bxd5 22. cxd5 fxe5 23. d6+ Qxd6 24. Qxg7 Qd5 25. 0-0 h4 26. Qg4 Rag8 27. Qf3 e4 28. Qf4+ d6 29. a4 Qh5 30. Qxe4 hxg3 31. h4 g2 32. a5 gxf1Q+ 33. Kxf1 b5 34. a6 Qxh4 35. Bh6 Qxe4 0-1

[Event "Copenhagen Challenge"]
[Site "Ballerup"]
[Date "2014.05.18"]
[Round "9"]
[White "De Blecourt, Sandra"]
[Black "Andersen, Kim Nyvang"]
[Result "1-0"]
[WhiteElo "2121"]
[BlackElo "2039"]
[PlyCount "49"]
[EventDate "2014.05.14"]
[EventType "swiss"]
[EventRounds "9"]
[EventCountry "DEN"]
[SourceTitle "CBM 160 Extra"]
[Source "ChessBase"]
[SourceDate "2014.07.01"]
[SourceVersion "1"]
[SourceVersionDate "2014.07.01"]
[SourceQuality "1"]

1. d4 Nf6 2. c4 e6 3. Nc3 Bb4 4. e3 0-0 5. Nge2 d5 6. a3 Bd6 7. Ng3 c6 8. Be2 Nbd7 9. 0-0 Re8 10. Qc2 dxc4 11. Bxc4 Bxg3 12. hxg3 e5 13. Rd1 exd4 14. Rxd4 Qe7 15. Bd2 Ne5 16. Be2 Neg4 17. Bf3 Qe5 18. Ne4 Bf5 19. Nxf6+ Nxf6 20. Qb3 Qe7 21. Rd1 Ne4 22. Bxe4 Bxe4 23. Bb4 c5 24. Rd7 Qf8 25. Bxc5 1-0

[Event "Copenhagen Challenge"]
[Site "Ballerup"]
[Date "2014.05.18"]
[Round "8"]
[White "Larsen, Tor Ketil"]
[Black "Andersen, Kim Nyvang"]
[Result "0-1"]
[WhiteElo "2004"]
[BlackElo "2039"]
[PlyCount "124"]
[EventDate "2014.05.14"]
[EventType "swiss"]
[EventRounds "9"]
[EventCountry "DEN"]
[SourceTitle "CBM 160 Extra"]
[Source "ChessBase"]
[SourceDate "2014.07.01"]
[SourceVersion "1"]
[SourceVersionDate "2014.07.01"]
[SourceQuality "1"]

1. e4 c5 2. Nc3 Nc6 3. Bb5 e6 4. Bxc6 bxc6 5. b3 Be7 6. f4 Nh6 7. Nf3 0-0 8. d3 f6 9. 0-0 Nf7 10. Qe1 d6 11. Na4 g6 12. g4 e5 13. f5 gxf5 14. gxf5 Kh8 15. Be3 Bd7 16. Kf2 Rg8 17. h4 Bf8 18. Qd2 Bg7 19. Rg1 Qf8 20. Nh2 Bh6 21. Ng4 Bxe3+ 22. Qxe3 Qe7 23. Rg3 Rg7 24. Rag1 Rag8 25. h5 Rg5 26. Nc3 Be8 27. Nb1 Nd8 28. h6 Bh5 29. Qf3 Qf8 30. Nd2 Rxg4 31. Rxg4 Rxg4 32. Rxg4 Qxh6 33. Nf1 Bxg4 34. Qxg4 Nf7 35. Ng3 Qh2+ 36. Ke3 Qxc2 37. Nh5 Qc1+ 38. Ke2 Qg5 39. Qh3 Nh6 40. Ng3 Ng4 41. Nf1 h5 42. Nd2 Kg7 43. Nc4 d5 44. exd5 cxd5 45. Nd6 Kf8 46. Qf3 e4 47. dxe4 Ne5 48. Qc3 Qg2+ 49. Kd1 Qf1+ 50. Kc2 Qe2+ 51. Kb1 Qf1+ 52. Kc2 Qf2+ 53. Kb1 dxe4 54. Nb7 Qf1+ 55. Kb2 Nd3+ 56. Ka3 Qc1+ 57. Qxc1 Nxc1 58. Kb2 Nd3+ 59. Kc2 Ke7 60. Na5 h4 61. Nc4 h3 62. Nd2 h2 0-1

[Event "Copenhagen Challenge"]
[Site "Ballerup"]
[Date "2014.05.15"]
[Round "2"]
[White "Andersen, Kim Nyvang"]
[Black "Petrovski, Petruli"]
[Result "0-1"]
[WhiteElo "2039"]
[BlackElo "1866"]
[PlyCount "48"]
[EventDate "2014.05.14"]
[EventType "swiss"]
[EventRounds "9"]
[EventCountry "DEN"]
[SourceTitle "CBM 160 Extra"]
[Source "ChessBase"]
[SourceDate "2014.07.01"]
[SourceVersion "1"]
[SourceVersionDate "2014.07.01"]
[SourceQuality "1"]

1. d4 Nf6 2. c4 e6 3. Nc3 Bb4 4. f3 0-0 5. a3 Bxc3+ 6. bxc3 Nh5 7. Nh3 f5 8. Bg5 Nf6 9. e3 h6 10. Bh4 d6 11. Bd3 c5 12. 0-0 Nc6 13. g4 g5 14. Bg3 Qe7 15. Qe2 fxg4 16. fxg4 e5 17. dxe5 Nxe5 18. Bxe5 Qxe5 19. Bf5 Bd7 20. Qd3 Bc6 21. Rad1 Rad8 22. e4 Bxe4 23. Bxe4 Qxe4 24. Rxf6 Qxg4+ 0-1

[Event "Copenhagen Cand op"]
[Site "Copenhagen"]
[Date "2013.04.27"]
[Round "7"]
[White "Schou Moldt, Thomas"]
[Black "Andersen, Kim Nyvang"]
[Result "1-0"]
[WhiteElo "2220"]
[BlackElo "2003"]
[PlyCount "71"]
[EventDate "2013.04.24"]
[EventType "swiss"]
[EventRounds "9"]
[EventCountry "DEN"]
[SourceTitle "EXT 2015"]
[Source "ChessBase"]
[SourceDate "2014.11.20"]
[SourceVersion "1"]
[SourceVersionDate "2014.11.20"]
[SourceQuality "1"]

1. e4 c5 2. Nf3 Nc6 3. d4 cxd4 4. Nxd4 Nf6 5. Nc3 e5 6. Nf5 d5 7. exd5 Bxf5 8. dxc6 bxc6 9. Qf3 Qd7 10. Bc4 e4 11. Qg3 Bg6 12. Qe5+ Be7 13. 0-0 Ng4 14. Qg3 0-0 15. h3 Nf6 16. Rd1 Qf5 17. Qg5 Bc5 18. Qxf5 Bxf5 19. Na4 Be7 20. Be3 Rfd8 21. Ba6 Nd5 22. Bc5 Bxc5 23. Nxc5 e3 24. c3 exf2+ 25. Kxf2 Rab8 26. Bb7 Nf6 27. Na6 Bc2 28. Nxb8 Bxd1 29. Nxc6 Rd7 30. Bc8 Rd6 31. Nd4 Ba4 32. Re1 g6 33. Re7 a6 34. Ra7 Ne4+ 35. Ke3 Nc5 36. b4 1-0

[Event "Copenhagen Cand op"]
[Site "Copenhagen"]
[Date "2013.04.26"]
[Round "4"]
[White "Andersen, Kim Nyvang"]
[Black "Petersen, Peter Birk"]
[Result "1/2-1/2"]
[WhiteElo "2003"]
[BlackElo "2167"]
[PlyCount "45"]
[EventDate "2013.04.24"]
[EventType "swiss"]
[EventRounds "9"]
[EventCountry "DEN"]
[SourceTitle "EXT 2015"]
[Source "ChessBase"]
[SourceDate "2014.11.20"]
[SourceVersion "1"]
[SourceVersionDate "2014.11.20"]
[SourceQuality "1"]

1. d4 g6 2. c4 Bg7 3. Nc3 d6 4. e4 e5 5. Nge2 Nc6 6. Be3 Nf6 7. d5 Ne7 8. f3 0-0 9. Qd2 Nd7 10. g4 f5 11. gxf5 gxf5 12. Bg5 Nf6 13. 0-0-0 a6 14. Kb1 Bd7 15. Nc1 Qe8 16. Rg1 Kh8 17. c5 Ng6 18. Nd3 fxe4 19. fxe4 Nh5 20. Be2 Nhf4 21. Nxf4 exf4 22. Bh5 Be5 23. Rdf1 1/2-1/2

[Event "Copenhagen Challenge"]
[Site "Ballerup"]
[Date "2013.04.24"]
[Round "1"]
[White "Hansen, Mads"]
[Black "Andersen, Kim Nyvang"]
[Result "1-0"]
[WhiteElo "2301"]
[BlackElo "2003"]
[PlyCount "83"]
[EventDate "2013.04.24"]
[EventType "swiss"]
[EventRounds "9"]
[EventCountry "DEN"]
[SourceTitle "CBM 154 Extra"]
[Source "ChessBase"]
[SourceDate "2013.06.25"]
[SourceVersion "2"]
[SourceVersionDate "2013.06.25"]
[SourceQuality "1"]

1. e4 c5 2. Nf3 Nc6 3. d4 cxd4 4. Nxd4 Nf6 5. Nc3 e5 6. Ndb5 d6 7. Bg5 a6 8. Na3 b5 9. Bxf6 gxf6 10. Nd5 f5 11. c3 Bg7 12. Bd3 Be6 13. Qh5 0-0 14. 0-0 fxe4 15. Bxe4 f5 16. Nf4 exf4 17. Bxc6 Ra7 18. Rfe1 Bf7 19. Qf3 b4 20. cxb4 Bxb2 21. Rab1 Re7 22. Nc2 Be5 23. a4 Kh8 24. Re2 Bc4 25. Rd2 Rg7 26. Ne1 Qg5 27. Bd5 Bxd5 28. Rxd5 Rfg8 29. Ra5 Rc7 30. Rxa6 Rc3 31. Qd5 f3 32. Ra8 Rxa8 33. Qxa8+ Kg7 34. Rd1 Qh5 35. Qb7+ Kf6 36. Nxf3 Bxh2+ 37. Kf1 Bf4 38. Qb8 Qh1+ 39. Ng1 Kg7 40. Re1 Bh2 41. Re7+ Kh6 42. Qf8+ 1-0

[Event "Copenhagen Challenge"]
[Site "Ballerup"]
[Date "2012.05.06"]
[Round "8"]
[White "Andersen, Kim Nyvang"]
[Black "Knudsen, Jes West"]
[Result "0-1"]
[WhiteElo "2009"]
[BlackElo "1890"]
[PlyCount "50"]
[EventDate "2012.05.02"]
[EventType "swiss"]
[EventRounds "9"]
[EventCountry "DEN"]
[SourceTitle "CBM 148 Extra"]
[Source "ChessBase"]
[SourceDate "2012.06.22"]
[SourceVersion "1"]
[SourceVersionDate "2012.06.22"]
[SourceQuality "1"]

1. d4 f5 2. Nf3 Nf6 3. c4 d6 4. g3 g6 5. b4 Nc6 6. b5 Na5 7. Nbd2 Bg7 8. Bb2 0-0 9. Bg2 Ne4 10. Qc2 Be6 11. 0-0 c5 12. bxc6 Nxd2 13. Nxd2 bxc6 14. e4 fxe4 15. Bxe4 d5 16. cxd5 cxd5 17. Bd3 Rc8 18. Qa4 Nc4 19. Bc3 Bxd4 20. Bxd4 Nxd2 21. Be3 Nf3+ 22. Kg2 d4 23. Bh6 Qd5 24. Qb3 Ne1+ 25. Kg1 Qg2# 0-1